000 00757nam a2200181Ia 4500
008 100921s9999 xx 000 0 und d
082 _b43997
_a791.5 न 09
100 _aपेंढारकर प्रभाकर.
245 _aएका स्टुडिओचे आत्मवृत्त.
260 _bराजेंद्र प्रकाशन, ठाणे.
_c2009
300 _a200
_bअक्षरधारा प्रदर्शन.
365 _b350
520 _aकला-चित्रपट.
630 _aएका स्टुडिओचे आत्मवृत्त.
650 _aकला-चित्रपट.
730 _aएका स्टुडिओचे आत्मवृत्त.
942 _cBOOK
999 _c793110
_d793107